[Event "ROM-chT2"]
[Site "Sovata"]
[Date "1997.??.??"]
[Round "3"]
[White "Haramuz, Silviu"]
[Black "Popescu, Gabriel Corneliu"]
[Result "1-0"]
[WhiteElo "1640"]
[BlackElo "2220"]
[PlyCount "74"]
[EventDate "1997.10.??"]
[EventType "tourn"]
[EventRounds "7"]
[EventCountry "ROU"]
[SourceTitle "EXT 2000"]
[Source "ChessBase"]
[SourceDate "1999.11.16"]
[SourceVersion "1"]
[SourceVersionDate "1999.11.16"]
[SourceQuality "1"]

1. e4 c5 2. Nf3 d6 3. d4 cxd4 4. Nxd4 Nf6 5. Nc3 g6 6. f4 Nc6 7. Nxc6 bxc6 8. e5 Nd7 9. Qf3 d5 10. Bd3 e6 11. 0-0 Rb8 12. Re1 Nc5 13. Bf1 Be7 14. Rb1 Ba6 15. Bxa6 Nxa6 16. Be3 c5 17. Bf2 Qa5 18. a3 Rb7 19. g4 h5 20. Qh3 c4 21. f5 Nc5 22. f6 Bf8 23. g5 Nd7 24. Rbd1 Bc5 25. Nxd5 Bxf2+ 26. Kxf2 exd5 27. e6 0-0 28. exd7 Rxb2 29. Re8 Rb8 30. Qe3 Qa4 31. Rxf8+ Rxf8 32. Rxd5 Qxc2+ 33. Qd2 Qxd2+ 34. Rxd2 Rd8 35. Ke2 a5 36. Kd1 h4 37. Ke2 h3 1-0